01177cac a2200289 i 4500003000900000005001700009008004100026020001800067020001500085040003800100043001200138050002700150082001800177245012800195264007700323300003000400336002600430337002800456338002700484504005100511630007700562650003300639700003200672700003400704856006000738856008900798EG-GICUC20260121101408.0950505s1995 enk frb 001 0 eng d a9780198259336 a0198259336 aDLCcDLCdDLCdEG-GICUCbengerda ae-uk---00aK3238.31966b.I58 199500a341.4804222104aThe International Covenant on Civil and Political Rights and United Kingdom law /cedited by David Harris and Sarah Joseph. aOxford :bClarendon Press ;aNew York :bOxford University Press,c1995. axviii, 699 page ;c24 cm. atextbtxt2rdacontent aunmediatedbn2rdamedia avolumebnc2rdacarrier aIncludes bibliographical references and index.00aInternational Covenant on Civil and Political Rightsd(1966 December 16) 0aHuman rightszGreat Britain.1 aHarris, D. J.q(David John)1 aJoseph, Sarahq(Sarah Louise)42uhttps://fll.law.cu.edu.eg/fulltext/bks/ENGB08-00061.pdf423Publisher descriptionuhttp://www.loc.gov/catdir/enhancements/fy0606/95011271-d.html